000 01302nam a2200313 4500
001 41
003 OSt
005 20250122081945.0
008 250122b |||||||g |||| 00| 1 eng d
040 _bpor
041 _heng
_apor
082 _a813
_bB118p
100 1 _aBach, Richard,
_d1936-
_999
240 _aA gift of wings
245 _aO paraíso é uma questão pessoal /
_cBach, Richard ; Tradução de Vera Neves Pedroso e Ilustração de K. O. Eckland
250 _a12° edição
260 _aRio de Janeiro
_bRecord
_c1974
300 _a109 p.
_bil.
520 _aUma vez em uma geração, um livro, uma visão, um escritor, capturam a imaginação e as emoções de milhões. Jonathan Livingston Seagull foi um desses livros. A visão única de Richard Bach brilha novamente, tocando com magia o drama da vida em todos os seus horizontes ilimitados. Mais uma vez, Richard Bach escreveu uma obra-prima para ajudar você a tocar aquela parte da sua casa que é o céu.
650 0 _aLiteratura Americana
_984
650 0 _aHistorias curtas
_967
650 0 _aEspiritualidade
_916
650 0 _aAuto Conhecimento
_919
650 0 _aFilosofia
_94
655 0 _aConto
_968
700 _aVera Neves Pedroso
_eTradutor
_9112
700 _aK. O. Eckland
_eIlustração
_9113
942 _2ddc
_n0
_cBK
999 _c41
_d41